| 000 | 00655nam a2200181 i 4500 | ||
|---|---|---|---|
| 001 | 37303 | ||
| 003 | ES-MaACL | ||
| 005 | 20250311121844.0 | ||
| 007 | t| | ||
| 008 | 030220s1935 fr ||||1| fre d | ||
| 100 | 1 |
_aBuche, Joseph. _932289 |
|
| 245 | 1 | 2 |
_aL'ecole mystique de Lyon, 1776-1847 _b: Le grand Ampère, Ballanche, Cl.-Julien Bredin, Victor de Laprade, Blanc Saint-Bonnet, Paul Chenavard / _cJoseph Buche ; preface de M. Edouard Herriot. |
| 260 |
_aParis : _b[s.n.], _c1935 ( _eLyon : _fA Rey et C) |
||
| 300 |
_aXI, 306 p. ; _c23 cm. |
||
| 700 | 0 |
_aHerriot, Edouard, _d1872-1957 _963370 |
|
| 852 |
_aES-MaACL _jA-3132 |
||
| 999 |
_c37303 _d37303 |
||